[Event "Druzynowe Mistrzostwa Polski Juniorow 2018 - II Liga"]
[Site "Szczyrk"]
[Date "1899-12-30"]
[Round "7.55"]
[White "Kokoszczynski, Jan"]
[Black "Kulesza, Andrzej"]
[Result "1/2-1/2"]
[WhiteTitle "k"]
[BlackTitle "I"]
[WhiteElo "2111"]
[BlackElo "1918"]

1. c4 Nf6 2. Nc3 e6 3. d4 d5 4. cxd5 exd5 5. Nf3 c6 6. Bg5 Be7 7. Qc2 h6 8. Bh4
Nbd7 9. e3 Nh5 10. Bxe7 Qxe7 11. Be2 Nhf6 12. O-O O-O 13. Rab1 a5 14. a3 b5 15.
Bd3 Bb7 16. Rfe1 Rfe8 17. e4 dxe4 18. Bxe4 Qd8 19. Rbd1 Qb6 20. b4 a4 21. Re2
Nf8 22. h3 Ne6 23. Bf5 Nf4 24. Rxe8+ Rxe8 25. Ne5 Rd8 26. g3 N4d5 27. Nxd5 Nxd5
28. Be4 Qc7 29. h4 Rd6 30. Bf3 Ne7 31. d5 Qd8 32. dxc6 Rxd1+ 33. Qxd1 Qxd1+ 34.
Bxd1 Nxc6 35. Nxc6 Bxc6 36. f4 Kf8 37. Kf2 Ke7 38. Ke3 Kd6 39. Kd4 Bd7 40. Bf3
f6 41. Be4 Be8 42. Bf5 Bc6 43. Bg6 Bd7 44. Bf7 Bc6 45. Bg8 Be8 46. Bd5 Bd7 47.
Bf3 Be8 48. Be2 Bd7 49. Bd3 Bc6 50. Bg6 Bd7 51. Bf7 Bc6 52. Ba2 Bd7 53. Bg8 Be8
54. Ke4 Bg6+ 55. Kd4 Be8 1/2-1/2

[Event "Druzynowe Mistrzostwa Polski Juniorow 2018 - II Liga"]
[Site "Szczyrk"]
[Date "1899-12-30"]
[Round "7.56"]
[White "Urbanski, Wojciech"]
[Black "Golecki, Jan"]
[Result "1/2-1/2"]
[WhiteTitle "II"]
[BlackTitle "I++"]
[WhiteElo "1560"]
[BlackElo "2001"]

1. e4 Nf6 2. e5 Nd5 3. c4 Nb6 4. d4 d6 5. exd6 exd6 6. Nc3 Be7 7. h3 Bf5 8. Nf3
O-O 9. Bd3 Qd7 10. b3 Bf6 11. Be3 Nc6 12. Bxf5 Qxf5 13. a3 a5 14. a4 Rfe8 15.
O-O Nb4 16. Rc1 Nd7 17. Nb5 Rac8 18. Na7 Rcd8 19. Nb5 Na6 20. Qd2 b6 21. Rfe1
Nf8 22. Re2 c6 23. Nc3 Nb4 24. Na2 Nxa2 25. Qxa2 Ng6 26. Qd2 c5 27. Rce1 d5 28.
Qc3 dxc4 29. bxc4 Re4 30. Rd2 Nf4 31. dxc5 Rde8 32. Qc1 Nxh3+ 33. Kh2 bxc5 34.
Rd5 R4e5 35. Nxe5 1/2-1/2

[Event "Druzynowe Mistrzostwa Polski Juniorow 2018 - II Liga"]
[Site "Szczyrk"]
[Date "1899-12-30"]
[Round "7.57"]
[White "Kazmierowski, Tymon"]
[Black "Paprocki, Antoni"]
[Result "0-1"]
[WhiteTitle "II"]
[BlackTitle "I"]
[WhiteElo "1452"]
[BlackElo "1792"]

1. e4 c5 2. Nf3 d6 3. d4 cxd4 4. Qxd4 Nc6 5. Bb5 Bd7 6. Qd3 a6 7. Bxc6 Bxc6 8.
Nc3 e6 9. Bg5 Nf6 10. O-O-O Be7 11. Nd4 Bd7 12. f4 h6 13. Bxf6 Bxf6 14. f5 O-O
15. g4 b5 16. Nf3 b4 17. Ne2 Be7 18. h4 Qc7 19. g5 Bb5 20. Qd2 Qc4 21. Ned4 e5
22. Nb3 Qxe4 23. gxh6 Qxf3 24. hxg7 Kxg7 25. Rdg1+ Kh7 26. Kb1 Rg8 27. Qh2 Rac8
28. Nd2 Qe2 29. Qh3 Qxd2 30. Rc1 Rxc2 31. Qb3 Rxc1+ 32. Rxc1 Bd3+ 0-1

[Event "Druzynowe Mistrzostwa Polski Juniorow 2018 - II Liga"]
[Site "Szczyrk"]
[Date "1899-12-30"]
[Round "7.58"]
[White "Jakubiec, Maurycy"]
[Black "Grzadka, Artur"]
[Result "0-1"]
[WhiteTitle "IV"]
[BlackTitle "II"]
[WhiteElo "1000"]
[BlackElo "1389"]

1. e4 c5 2. Nf3 Nc6 3. d4 cxd4 4. Nxd4 Nf6 5. Nc3 e6 6. Bc4 Bb4 7. f3 d5 8. exd5
Nxd5 9. Bxd5 Qxd5 10. Be3 Bxc3+ 11. bxc3 O-O 12. O-O e5 13. Nxc6 Qxc6 14. Qe1
Bf5 15. Rc1 Qa4 16. Bc5 Rfe8 17. a3 Qb5 18. Bb4 a5 19. Bd6 Qb6+ 20. Kh1 Qxd6 21.
Ra1 Bxc2 22. Rf2 Bg6 23. Re2 f6 24. h4 Qc6 25. Kh2 Rac8 26. Rc1 Qd6 27. Ra2 e4+
28. Kg1 exf3 29. Qf2 fxg2 30. Qxg2 Qe7 31. Raa1 Qe3+ 32. Kh2 Qf4+ 33. Kg1 Qxh4
34. Qxb7 Qg3+ 35. Qg2 Rxc3 36. Rxc3 Qxc3 37. Ra2 Re1+ 38. Kh2 Qe5+ 39. Kh3 Bf5+
40. Kh4 Qf4+ 41. Kh5 Qh6# 0-1

[Event "Druzynowe Mistrzostwa Polski Juniorow 2018 - II Liga"]
[Site "Szczyrk"]
[Date "1899-12-30"]
[Round "7.59"]
[White "Krzysztynska, Anna"]
[Black "Mysliwiec, Natalia"]
[Result "1/2-1/2"]
[WhiteTitle "I+"]
[BlackTitle "I"]
[WhiteElo "1758"]
[BlackElo "1377"]

1. e4 d5 2. exd5 Qxd5 3. Nc3 Qd6 4. d4 Nf6 5. Nf3 Bg4 6. g3 c6 7. Bg2 e6 8. O-O
Be7 9. Bf4 Qd8 10. Qd2 Nbd7 11. Rfe1 O-O 12. Rad1 Nb6 13. h3 Bxf3 14. Bxf3 Nfd5
15. Nxd5 Nxd5 16. a3 Nxf4 17. Qxf4 Qb6 18. Qc1 Rad8 19. c3 Rd7 20. b4 Rfd8 21.
Qb2 Bf6 22. a4 a5 23. Rb1 Ra8 24. bxa5 Qxa5 25. Ra1 h6 26. Qc2 c5 27. dxc5 Bxc3
28. Red1 Rc7 29. Rac1 Bb4 30. c6 bxc6 31. Rd4 Rac8 32. Qd3 c5 33. Rd6 c4 34. Rd8+
Rxd8 35. Qxd8+ Kh7 36. Be4+ g6 37. Bc2 c3 38. Rb1 Qc5 39. Rxb4 Rc8 40. Qd4 Qg5
41. Qf4 Qxf4 42. Rxf4 Kg7 43. Rf3 f5 44. g4 Kf6 45. Kf1 Rc4 46. Ke2 Ke5 47. Re3+
Kf6 48. Bb3 c2 49. Rxe6+ Kg5 50. Bxc2 Rxc2+ 51. Ke3 Rc3+ 52. Kd4 Rxh3 53. gxf5
gxf5 54. a5 Rf3 55. Re3 Rxf2 56. Ra3 f4 57. a6 Rd2+ 58. Ke4 Rd8 59. a7 Ra8 60.
Kf3 h5 61. Ra5+ Kf6 62. Kxf4 h4 63. Rh5 Rxa7 64. Rh6+ Kg7 65. Rxh4 Ra4+ 1/2-1/2

[Event "Druzynowe Mistrzostwa Polski Juniorow 2018 - II Liga"]
[Site "Szczyrk"]
[Date "1899-12-30"]
[Round "7.60"]
[White "Pudelko, Magdalena"]
[Black "Moscicka, Alicja"]
[Result "1-0"]
[WhiteTitle "I"]
[BlackTitle "II"]
[WhiteElo "1358"]
[BlackElo "1000"]

1. e4 c5 2. Nf3 Nc6 3. d4 cxd4 4. Nxd4 Nf6 5. Nc3 e6 6. Be3 Bb4 7. f3 d5 8. Bb5
Bd7 9. Nxc6 Bxc6 10. Bxc6+ bxc6 11. e5 Nd7 12. f4 O-O 13. O-O Bc5 14. Bxc5 Nxc5
15. Kh1 Rb8 16. b3 d4 17. Ne2 d3 18. cxd3 Qxd3 19. Ng3 Rfd8 20. Qg4 Qg6 21. Qxg6
hxg6 22. Rfd1 f5 23. Kg1 Nd3 24. Ne2 c5 25. g3 Rbc8 26. Nc3 c4 27. bxc4 Rxc4 28.
Nb5 a6 29. Nd6 Rd4 30. Rab1 Rb4 31. Rxb4 Nxb4 32. Rd4 Nc6 33. Rc4 Ne7 34. Rc7
Kf8 35. Ra7 Rb8 36. Rxa6 Nc8 37. Nxc8 Rxc8 38. Rxe6 Kf7 39. Ra6 Rc7 40. Kg2 Rb7
41. Kh3 Re7 42. Kh4 Re6 43. Rxe6 Kxe6 44. Kg5 Kf7 45. a4 Ke7 46. Kxg6 Kd7 47.
Kf7 Kd8 48. e6 1-0

[Event "Druzynowe Mistrzostwa Polski Juniorow 2018 - II Liga"]
[Site "Szczyrk"]
[Date "1899-12-30"]
[Round "7.61"]
[White "Mazurek, Bartosz"]
[Black "Kucharski, Bartlomiej"]
[Result "0-1"]
[WhiteTitle "I"]
[BlackTitle "I"]
[WhiteElo "1733"]
[BlackElo "1861"]

1. d4 d5 2. c4 e6 3. Nf3 c6 4. Nc3 Nf6 5. e3 Nbd7 6. Qc2 Bd6 7. b3 O-O 8. Be2 b6
9. Bb2 Bb7 10. O-O Rc8 11. cxd5 cxd5 12. Rfc1 Ne4 13. Qd3 a6 14. Nd1 Qe7 15. Rxc8
Rxc8 16. Rc1 Qd8 17. Nd2 Rxc1 18. Bxc1 Bxh2+ 19. Kxh2 Qc7+ 20. Kg1 Qxc1 21. Nxe4
dxe4 22. Qc3 Qxc3 23. Nxc3 Kf8 24. Kf1 Ke7 25. b4 Kd6 26. Bc4 b5 27. Bb3 Nb6 28.
Ke2 Bd5 29. Bxd5 exd5 30. Kf1 f5 31. g3 g5 32. Kg2 h5 33. Nd1 Nc4 34. f4 g4 35.
Kf2 Na3 36. Nc3 Nc2 37. a4 bxa4 38. Nxa4 Nxb4 39. Nc5 Nd3+ 40. Nxd3 exd3 41. Ke1
Kc6 42. Kd2 Kb5 43. Kxd3 Kb4 44. e4 dxe4+ 0-1

[Event "Druzynowe Mistrzostwa Polski Juniorow 2018 - II Liga"]
[Site "Szczyrk"]
[Date "1899-12-30"]
[Round "7.62"]
[White "Wolak, Kamil"]
[Black "Strugarek, Lukasz"]
[Result "1/2-1/2"]
[WhiteTitle "II+"]
[BlackTitle "II"]
[WhiteElo "1579"]
[BlackElo "1624"]

1. e4 c5 2. Nf3 d6 3. Bb5+ Bd7 4. Bxd7+ Qxd7 5. O-O g6 6. c3 Bg7 7. d4 cxd4 8.
cxd4 Nf6 9. Nc3 O-O 10. h3 Nc6 11. Be3 Rfd8 12. d5 Na5 13. Bd4 e5 14. dxe6 fxe6
15. e5 dxe5 16. Bxe5 Nd5 17. Qe2 Nxc3 18. Bxc3 Bxc3 19. bxc3 Nc6 20. Rfe1 Re8
21. Rad1 Qe7 22. Rd3 Rad8 23. Re3 Rd6 24. Re4 Qd7 25. Re3 Qe7 26. Re4 Qd7 27.
Re3 Qe7 28. Re4 Qd7 1/2-1/2

[Event "Druzynowe Mistrzostwa Polski Juniorow 2018 - II Liga"]
[Site "Szczyrk"]
[Date "1899-12-30"]
[Round "7.63"]
[White "Kebel, Bartosz"]
[Black "Mirowska, Oliwia"]
[Result "1/2-1/2"]
[WhiteTitle "II"]
[BlackTitle "I++"]
[WhiteElo "1397"]
[BlackElo "1429"]

1. d4 d5 2. c4 e6 3. Nf3 c6 4. Nc3 Nf6 5. Bg5 Nbd7 6. e3 Be7 7. Bd3 O-O 8. O-O
b6 9. cxd5 cxd5 10. Bf4 Bb7 11. Nb5 a6 12. Nd6 Bxd6 13. Bxd6 Re8 14. Rc1 Rc8 15.
Qe2 b5 16. Bf4 Ne4 17. a4 bxa4 18. Bxa6 Bxa6 19. Qxa6 Ra8 20. Qc6 Nf8 21. h3 Ng6
22. Bh2 Qe7 23. Qb5 Red8 24. Rc7 Qf8 25. Qc6 Ne7 26. Qc2 Ng6 27. Qc6 h6 28. Ra1
Ne7 29. Qc2 Qe8 30. Ne5 f6 1/2-1/2

[Event "Druzynowe Mistrzostwa Polski Juniorow 2018 - II Liga"]
[Site "Szczyrk"]
[Date "1899-12-30"]
[Round "7.64"]
[White "Bartuzi, Krzysztof"]
[Black "Dahche, Abdel-azziz"]
[Result "1-0"]
[WhiteTitle "II"]
[BlackTitle "II"]
[WhiteElo "1200"]
[BlackElo "1408"]

1. e4 c5 2. Nf3 d6 3. Bb5+ Bd7 4. Bxd7+ Qxd7 5. O-O g6 6. c3 Bg7 7. d4 cxd4 8.
cxd4 Nf6 9. Nc3 O-O 10. h3 Nc6 11. Be3 Rac8 12. Qd2 a6 13. Rfd1 Na5 14. b3 b5
15. Qd3 Nb7 16. Rac1 Rfd8 17. Bg5 Rc6 18. e5 Ne8 19. d5 Rxc3 20. Rxc3 dxe5 21.
Rc6 Ned6 22. Qc2 f6 23. Be3 e4 24. Nd4 a5 25. Rc7 Qe8 26. Ne6 Rd7 27. Rxd7 Qxd7
28. Rc1 f5 29. Qd2 b4 30. Rc7 Qe8 31. Bg5 Bc3 32. Qe3 Nc8 33. Rxb7 Be5 34. Qc5
Bd6 35. Qd4 Qf7 36. Rd7 1-0

[Event "Druzynowe Mistrzostwa Polski Juniorow 2018 - II Liga"]
[Site "Szczyrk"]
[Date "1899-12-30"]
[Round "7.65"]
[White "Skiba, Aleksandra"]
[Black "Pedrak, Paulina"]
[Result "0-1"]
[WhiteTitle "I+"]
[BlackTitle "I"]
[WhiteElo "1659"]
[BlackElo "1405"]

1. e4 c5 2. Nf3 e6 3. d4 cxd4 4. Nxd4 a6 5. Nc3 Qc7 6. Bd3 Nc6 7. Be3 Nf6 8. O-O
b5 9. a3 g6 10. Kh1 Bg7 11. f4 d6 12. f5 Ne5 13. fxe6 fxe6 14. Bxb5+ axb5 15.
Ndxb5 Qc6 16. Qxd6 Qxd6 17. Nxd6+ Kd7 18. Rad1 Kc6 19. b4 Rxa3 20. b5+ Kc7 21.
b6+ Kb8 22. Bf4 Nh5 23. Ncb5 Ra4 24. Be3 Rf8 25. Rxf8 Bxf8 26. Bd4 Nc6 27. Be3
Nf6 28. c4 Ba6 29. Na7 Bb7 30. Ndb5 Ng4 31. Bg1 Bg7 32. h3 Nge5 33. Nxc6+ Bxc6
34. Rd8+ Kb7 35. Nd6+ Ka6 36. c5 Nc4 37. Nxc4 Rxc4 38. Rd1 Rxe4 39. Ra1+ Bxa1
0-1

[Event "Druzynowe Mistrzostwa Polski Juniorow 2018 - II Liga"]
[Site "Szczyrk"]
[Date "1899-12-30"]
[Round "7.66"]
[White "Hals, Emilia"]
[Black "Kulczycka, Zofia"]
[Result "1/2-1/2"]
[WhiteTitle "I"]
[BlackTitle "II+"]
[WhiteElo "1243"]
[BlackElo "1181"]

1. e4 c5 2. Nf3 d6 3. d4 cxd4 4. Nxd4 Nf6 5. Nc3 g6 6. Be3 Bg7 7. f3 O-O 8. Qd2
Nc6 9. O-O-O d5 10. Nxc6 bxc6 11. exd5 cxd5 12. Nxd5 Nxd5 13. Qxd5 Qc7 14. Qxa8
Bf5 15. Qxf8+ Kxf8 16. Bd3 Bxb2+ 17. Kxb2 Qe5+ 18. Kb1 Qxe3 19. Bxf5 Qb6+ 20.
Kc1 Qe3+ 21. Kb1 Qb6+ 22. Kc1 Qe3+ 23. Kb1 Qb6+ 24. Kc1 Qe3+ 1/2-1/2

[Event "Druzynowe Mistrzostwa Polski Juniorow 2018 - II Liga"]
[Site "Szczyrk"]
[Date "1899-12-30"]
[Round "7.67"]
[White "Majek, Kacper"]
[Black "Miasik, Adrian"]
[Result "1/2-1/2"]
[WhiteTitle "I++"]
[BlackTitle "I++"]
[WhiteElo "2088"]
[BlackElo "1918"]

1. Nf3 d5 2. g3 Nf6 3. Bg2 g6 4. O-O Bg7 5. d3 O-O 6. Nbd2 Re8 7. e4 dxe4 8. dxe4
Nc6 9. c3 e5 10. Qe2 Qe7 11. Nc4 h6 12. b3 Nh7 13. Ba3 Qf6 14. Rad1 Be6 15. Ne3
Red8 16. Nd5 Bxd5 17. exd5 Ne7 18. Nxe5 Qxe5 19. Qxe5 Bxe5 20. Bxe7 Rd7 21. Bc5
Bxc3 22. Rd3 Bg7 23. Re1 Nf6 24. d6 cxd6 25. Rxd6 Rxd6 26. Bxd6 Rd8 27. Bf4 b6
28. Rc1 g5 29. Be5 Ne8 30. f4 Bxe5 31. fxe5 Kg7 32. Rc6 f6 33. exf6+ Nxf6 34.
Kf1 Rd7 35. Ke2 Re7+ 36. Kd2 Ng4 37. h4 Ne3 38. Bf3 Nf5 39. hxg5 hxg5 40. g4 Nd4
41. Rc3 Nxf3+ 42. Rxf3 Re4 1/2-1/2

[Event "Druzynowe Mistrzostwa Polski Juniorow 2018 - II Liga"]
[Site "Szczyrk"]
[Date "1899-12-30"]
[Round "7.68"]
[White "Ciasnocha, Michal"]
[Black "Derylo, Kamil"]
[Result "1-0"]
[WhiteTitle "I"]
[BlackTitle "I"]
[WhiteElo "1723"]
[BlackElo "1755"]

1. d4 Nf6 2. c4 c5 3. d5 b5 4. cxb5 a6 5. e3 axb5 6. Bxb5 Qa5+ 7. Nc3 Bb7 8. Bd2
Qb6 9. Qb3 e6 10. e4 Nxe4 11. Nxe4 Bxd5 12. Qd3 Qb7 13. f3 c4 14. Bxc4 Bxc4 15.
Qxc4 d5 16. Qc2 dxe4 17. Qxe4 Qxe4+ 18. fxe4 Bc5 19. Rc1 Nd7 20. a3 O-O 21. Nf3
Rfb8 22. b4 Bd6 23. Rc3 Rb6 24. O-O Rba6 25. Bc1 Ne5 26. Rd1 Nxf3+ 27. gxf3 Be5
28. Rcd3 h6 29. Rd8+ Rxd8 30. Rxd8+ Kh7 31. f4 Rc6 32. Bd2 Bf6 33. Rd3 Rc4 34.
e5 Bh4 35. a4 g5 36. a5 gxf4 37. a6 Bg5 38. a7 Rc8 39. b5 Be7 40. Rd7 Bc5+ 41.
Kg2 Ra8 42. Rxf7+ Kg8 43. Rd7 Bxa7 44. Bxf4 Bc5 45. Rc7 Bd4 46. Re7 Rb8 47. Rxe6
Rxb5 48. Kf3 h5 49. Ke4 Bb2 50. Kf5 Rb4 51. Rf6 h4 52. Rg6+ Kf8 53. Rg4 Rb6 54.
Rxh4 Bc3 55. Rh6 Rb4 56. Rf6+ Kg8 57. h4 Rb1 58. Rg6+ Kh7 59. h5 Rf1 60. Rg4 Bb4
61. Ke6 Rh1 62. Rg5 Rd1 63. Rf5 Rg1 64. h6 Rg8 65. Rf7+ Kh8 66. Kd7 Ba5 67. e6
Bb4 68. Be5+ 1-0

[Event "Druzynowe Mistrzostwa Polski Juniorow 2018 - II Liga"]
[Site "Szczyrk"]
[Date "1899-12-30"]
[Round "7.69"]
[White "Zhydachevskyy, Yulian"]
[Black "Babiarz, Arkadiusz"]
[Result "0-1"]
[WhiteTitle "II"]
[BlackTitle "I++"]
[WhiteElo "1376"]
[BlackElo "1810"]

1. d4 d5 2. Bf4 c5 3. c3 Nc6 4. Nf3 e6 5. e3 Bd6 6. Bg3 Nge7 7. Bd3 c4 8. Bc2 b5
9. O-O Ng6 10. Nbd2 f5 11. b4 a5 12. a3 Bxg3 13. fxg3 axb4 14. axb4 Bb7 15. Qb1
O-O 16. Qb2 Qb6 17. Rxa8 Rxa8 18. Ra1 Ra6 19. Ra3 Nge7 20. Rxa6 Bxa6 21. Qa1 e5
22. Ng5 h6 23. Nh3 g5 24. Kf2 e4 25. Ke2 Bb7 26. Qa3 Nd8 27. Qa1 Ne6 28. Kf2 Ng6
29. Bd1 f4 30. gxf4 gxf4 31. Bh5 fxe3+ 32. Kxe3 Ne5 33. Qf1 Ng7 34. Be2 Nd3 35.
Nf4 Nf5# 0-1

[Event "Druzynowe Mistrzostwa Polski Juniorow 2018 - II Liga"]
[Site "Szczyrk"]
[Date "1899-12-30"]
[Round "7.70"]
[White "Biesiadecki, Adam"]
[Black "Derylo, Maksymilian"]
[Result "0-1"]
[WhiteTitle "II"]
[BlackTitle "II"]
[WhiteElo "1415"]
[BlackElo "1199"]

1. d4 Nf6 2. Nf3 g6 3. Bg5 Bg7 4. c4 O-O 5. Nc3 Re8 6. e3 d5 7. Bxf6 Bxf6 8. Nxd5
Bg7 9. Bd3 c5 10. O-O Nc6 11. dxc5 Bxb2 12. Rb1 Bg7 13. Qe2 e6 14. Nb4 Nxb4 15.
Rxb4 Qc7 16. Be4 Qxc5 17. Bxb7 Qxb4 18. Bxa8 Ba6 19. Be4 Bxc4 20. Bd3 Bxd3 21.
Qxd3 Qa4 22. a3 Rb8 23. Qd6 Rb3 24. Qd8+ Bf8 25. Nd4 Rxa3 26. h3 Ra1 27. Rxa1
Qxa1+ 28. Kh2 Qa2 29. f3 a5 30. Nc6 a4 31. Ne5 Qb1 32. Ng4 Qb4 33. Nf6+ Kh8 34.
Ne8 a3 35. Qd7 a2 36. Qxf7 Qe7 37. Qf4 Qa1 38. Nc7 Qd6 39. Nxe6 Qxf4+ 40. Nxf4
Bd6 0-1

[Event "Druzynowe Mistrzostwa Polski Juniorow 2018 - II Liga"]
[Site "Szczyrk"]
[Date "1899-12-30"]
[Round "7.71"]
[White "Laszczuk, Zuzanna"]
[Black "Polak, Sylwia"]
[Result "0-1"]
[WhiteTitle "I"]
[BlackTitle "I"]
[WhiteElo "1355"]
[BlackElo "1519"]

1. d4 d5 2. c4 c6 3. Nc3 Nf6 4. Nf3 e6 5. Bf4 Bd6 6. Bg3 O-O 7. e3 Bxg3 8. hxg3
Nbd7 9. Bd3 dxc4 10. Bxc4 c5 11. Qc2 cxd4 12. Nxd4 a6 13. Bd3 g6 14. O-O-O b5
15. Ne4 Qb6 16. Nxf6+ Nxf6 17. Rh6 Bb7 18. Kd2 Rac8 19. Qb1 Kg7 20. Rdh1 Bxg2
21. R1h2 Rh8 22. R6h4 Bb7 23. Ke2 e5 24. Nb3 e4 25. Bc2 Qe6 26. Nd4 Qc4+ 27. Ke1
Rhd8 28. b3 Qc3+ 29. Kf1 Rxd4 30. exd4 Qxc2 31. Qxc2 Rxc2 32. f4 Rc1+ 33. Kg2
h5 34. Kh3 e3 35. f5 Ng4 36. Rxg4 hxg4+ 37. Kxg4 gxf5+ 38. Kxf5 Rf1+ 39. Ke5 Rf2
40. Rxf2 exf2 0-1

[Event "Druzynowe Mistrzostwa Polski Juniorow 2018 - II Liga"]
[Site "Szczyrk"]
[Date "1899-12-30"]
[Round "7.72"]
[White "Krzanowska, Liliana"]
[Black "Salamon, Julia"]
[Result "0-1"]
[WhiteTitle "I"]
[BlackTitle "I"]
[WhiteElo "1000"]
[BlackElo "1098"]

1. Nf3 d5 2. d4 Nf6 3. e3 e6 4. c4 c5 5. cxd5 exd5 6. Nc3 Nc6 7. Be2 Be7 8. O-O
O-O 9. Qc2 h6 10. h3 Be6 11. a3 Rc8 12. Rd1 a6 13. Bd3 cxd4 14. exd4 Bd6 15. Be3
Qd7 16. b4 b5 17. Rab1 Rc7 18. Rdc1 Rfc8 19. Qb2 Bf5 20. Bxf5 Qxf5 21. Qc2 Qxc2
22. Rxc2 Nxb4 23. axb4 Rxc3 24. Rxc3 Rxc3 25. Ra1 Rc6 26. Rb1 Nd7 27. g4 f6 28.
Rb3 Rc4 29. Bd2 Nb8 30. Kg2 Nc6 31. Ra3 a5 32. Rc3 Rxc3 33. Bxc3 Bxb4 34. Bxb4
Nxb4 35. Nd2 Nc2 36. Nf3 a4 37. Kf1 a3 38. Ke2 a2 39. Kd2 Nxd4 40. Kc3 Qa1+ 0-1

[Event "Druzynowe Mistrzostwa Polski Juniorow 2018 - II Liga"]
[Site "Szczyrk"]
[Date "1899-12-30"]
[Round "7.73"]
[White "Poziomkowski, Szymon"]
[Black "Krzywnicka, Maria"]
[Result "1-0"]
[WhiteTitle "I"]
[BlackTitle "I++"]
[WhiteElo "1767"]
[BlackElo "1845"]

1. e4 c5 2. Nf3 d6 3. Bb5+ Bd7 4. Bxd7+ Qxd7 5. O-O Nc6 6. c3 Nf6 7. Qe2 g6 8.
Rd1 Bg7 9. d4 cxd4 10. cxd4 O-O 11. Nc3 d5 12. e5 Ne8 13. Ng5 Nc7 14. f4 Nd8 15.
Be3 Nde6 16. Nf3 Rac8 17. Rac1 f5 18. Rc2 Na8 19. Rdc1 a6 20. Na4 Rc6 21. Rxc6
bxc6 22. Qxa6 Rc8 23. b4 Nd8 24. b5 h6 25. Bd2 e6 26. Nc5 Qc7 27. Ba5 Qb8 28.
b6 1-0

[Event "Druzynowe Mistrzostwa Polski Juniorow 2018 - II Liga"]
[Site "Szczyrk"]
[Date "1899-12-30"]
[Round "7.74"]
[White "Gozdzicki, Maciej"]
[Black "Fiszer, Bartosz"]
[Result "1/2-1/2"]
[WhiteTitle "II+"]
[BlackTitle "CM"]
[WhiteElo "1699"]
[BlackElo "2011"]

1. d4 Nf6 2. c4 g6 3. Nc3 Bg7 4. e4 d6 5. f3 O-O 6. Be3 c5 7. dxc5 dxc5 8. Qxd8
Rxd8 9. Bxc5 Nc6 10. Nd5 Nd7 11. Bxe7 Nxe7 12. Nxe7+ Kf8 13. Nd5 Bxb2 14. Rb1
Bg7 15. Ne2 Nc5 16. Nc1 b6 17. Bd3 Ba6 18. Be2 Rac8 19. Nb3 f5 20. exf5 gxf5 21.
Kf2 Na4 22. Nf4 Re8 23. Bd3 Bh6 24. Nh5 Bxc4 25. Bxf5 Be3+ 26. Kg3 Rc7 27. Rhe1
Nc3 28. Rb2 Rf7 29. Bg4 Bf4+ 30. Nxf4 Rxe1 31. Rc2 Bxb3 32. axb3 Nb5 33. Rc8+
Ke7 34. Bh5 Rg7+ 35. Kh3 Rb1 36. Re8+ Kd6 37. Rd8+ Rd7 38. Rf8 Nd4 39. Bg4 Ke7
40. Rh8 Rd8 41. Rxh7+ Kd6 42. Rxa7 Rxb3 43. Kg3 Ke5 44. Re7+ Kf6 45. Rh7 b5 46.
h4 b4 47. Rh6+ Kg7 48. Rb6 Rb1 49. h5 b3 50. h6+ Kh7 51. Ne6 Ne2+ 52. Kf2 Rd5
53. Kxe2 b2 54. Nd4 Rg1 55. Bf5+ Rxf5 56. Nxf5 Qb1 57. Rxb1 Rxb1 58. g4 Rb3 59.
Kf2 Kg6 60. Kg3 Rb1 61. f4 Rg1+ 62. Kf3 Rf1+ 63. Ke4 Re1+ 64. Kf3 Rf1+ 65. Ke3
Rg1 66. Nh4+ Kxh6 67. Kf3 Rf1+ 68. Ke4 Ra1 69. Nf3 Ra4+ 70. Kf5 Kg7 71. g5 Rb4
72. Ke5 Rb5+ 73. Ke4 Rb4+ 74. Nd4 Kg6 75. Ke5 Rb1 76. Nf3 Rb5+ 77. Ke6 Rb6+ 78.
Kd5 Kf5 79. Nh4+ 1/2-1/2

[Event "Druzynowe Mistrzostwa Polski Juniorow 2018 - II Liga"]
[Site "Szczyrk"]
[Date "1899-12-30"]
[Round "7.75"]
[White "Cwiek, Ryszard"]
[Black "Majdanski, Maksymilian"]
[Result "1-0"]
[WhiteTitle "I"]
[BlackTitle "I"]
[WhiteElo "1741"]
[BlackElo "1751"]

1. e4 d6 2. d4 Nf6 3. Nc3 c6 4. f4 Qa5 5. Qd3 e5 6. Nf3 Nbd7 7. Bd2 Be7 8. Nd5
Qd8 9. Nxf6+ Bxf6 10. c3 Qb6 11. O-O-O O-O 12. Kb1 Re8 13. g4 exd4 14. cxd4 Nc5
15. Qa3 Qd8 16. dxc5 Bxg4 17. h3 Bh5 18. Bg2 Rxe4 19. Rde1 Rxe1+ 20. Rxe1 dxc5
21. Qe3 h6 22. Ne5 Bxe5 23. fxe5 Qe7 24. Bc3 Rd8 25. Be4 b5 26. Ba5 Rd4 27. Bxc6
Bg6+ 28. Ka1 Ra4 29. Qd2 Rd4 30. Qe3 Ra4 31. Bd2 Qe6 32. b3 Rh4 33. Bxb5 Re4 34.
Qc3 Rxe1+ 35. Bxe1 Qf5 36. Kb2 Qxh3 37. Qxh3 1-0

[Event "Druzynowe Mistrzostwa Polski Juniorow 2018 - II Liga"]
[Site "Szczyrk"]
[Date "1899-12-30"]
[Round "7.76"]
[White "Kaminski, Jakub"]
[Black "Fiszer, Jakub"]
[Result "1/2-1/2"]
[WhiteTitle "II"]
[BlackTitle "II"]
[WhiteElo "1114"]
[BlackElo "1271"]

1. d4 d5 2. c4 e6 3. Nf3 Nc6 4. Nc3 Nf6 5. Bg5 Be7 6. e3 h6 7. Bh4 O-O 8. Bxf6
Bxf6 9. cxd5 exd5 10. Qb3 Ne7 11. Bd3 b6 12. O-O Bb7 13. Rfe1 Nc6 14. Nxd5 Na5
15. Nxf6+ Qxf6 16. Qd1 Nc6 17. Be4 Rad8 18. Bxc6 Bxc6 19. Ne5 Bb7 20. Qg4 Rfe8
21. Rad1 Bd5 22. b3 Bb7 23. Rd2 c5 24. Red1 cxd4 25. Rxd4 Rxd4 26. exd4 Rd8 27.
Nc4 Rd5 28. Ne3 Rd8 29. d5 Rd6 30. Qc4 Qe5 31. h3 Rd7 32. Qd4 Qd6 33. Nf5 Qg6
34. Qe5 Kh7 35. Ne3 f6 36. Qe6 Qf7 37. Qf5+ g6 38. Qe6 Qxe6 39. dxe6 Rxd1+ 40.
Nxd1 Kg7 41. Nc3 a6 42. f4 f5 43. Kf2 Kf6 44. g4 Kxe6 45. Ke3 Bg2 46. gxf5+ Kxf5
47. a4 Bxh3 48. Nd5 b5 49. Kf2 bxa4 50. bxa4 Ke4 51. Ne7 g5 52. fxg5 hxg5 53.
Kg3 Bd7 54. a5 Ke5 55. Ng8 Kf5 56. Nh6+ Kg6 57. Ng4 Bxg4 58. Kxg4 Kf6 59. Kg3
Ke5 60. Kg4 Kd5 61. Kxg5 Kc5 62. Kf4 Kb5 63. Ke3 Kxa5 64. Kd3 Kb4 65. Kc2 a5 66.
Kb2 a4 67. Ka2 a3 68. Ka1 Kb3 69. Kb1 a2+ 70. Ka1 Ka3 1/2-1/2

[Event "Druzynowe Mistrzostwa Polski Juniorow 2018 - II Liga"]
[Site "Szczyrk"]
[Date "1899-12-30"]
[Round "7.77"]
[White "Szelejewska, Maria"]
[Black "Partyka, Justyna"]
[Result "0-1"]
[WhiteTitle "I"]
[BlackTitle "II"]
[WhiteElo "1184"]
[BlackElo "1141"]

1. e4 e6 2. d4 d5 3. Nd2 Nf6 4. e5 Nfd7 5. Bd3 c5 6. c3 Nc6 7. Ngf3 Qb6 8. O-O
cxd4 9. cxd4 Nxd4 10. Nxd4 Qxd4 11. Nf3 Qb6 12. Qa4 g6 13. Qg4 Bg7 14. Re1 O-O
15. b3 Qc7 16. Bb2 Nc5 17. Rac1 Qa5 18. Bb1 Nd7 19. h4 h5 20. Qg3 Qa6 21. Nd4
Qb6 22. Nf3 Qb4 23. Bd4 Qe7 24. Rc7 b6 25. Ng5 Bh6 26. Be3 Qb4 27. Rec1 Qg4 28.
Qxg4 hxg4 29. Nxe6 Bxe3 30. Nxf8 Bxc1 31. Nxd7 Bb2 32. Nf6+ Kf8 33. Nxd5 Bxe5
34. Re7 Be6 35. Bxg6 Bd6 36. Be4 Bxe7 37. Nxe7 Rd8 38. Nc6 Rd1+ 39. Kh2 f5 40.
Bc2 Rd2 41. Bb1 Rb2 42. Nd4 Bxb3 43. Bxf5 Bxa2 44. h5 Bb1 45. Be6 Rxf2 46. Kg3
Rd2 47. Nb5 a5 48. Na3 Rd3+ 49. Kxg4 Rxa3 50. h6 Bh7 51. Kf4 Ra1 52. g4 Rf1+ 53.
Ke5 Ke7 54. Bd5 b5 55. Bc6 b4 56. Kd4 Rf4+ 57. Kc5 Rxg4 58. Kb5 Rg5+ 59. Kc4 Kd6
60. Be8 Rc5+ 61. Kb3 Rc3+ 62. Kb2 Kc5 63. Bd7 Ra3 64. Be6 Rc3 65. Bd7 Rc2+ 66.
Kb3 Kd4 67. Be6 Rc3+ 68. Kb2 a4 69. Bd7 Rc2+ 70. Ka1 b3 71. Bxa4 Ra2# 0-1

[Event "Druzynowe Mistrzostwa Polski Juniorow 2018 - II Liga"]
[Site "Szczyrk"]
[Date "1899-12-30"]
[Round "7.78"]
[White "Gorska, Marcelina"]
[Black "Pawlowska, Emilia"]
[Result "0-1"]
[WhiteTitle "IV"]
[BlackTitle "II"]
[WhiteElo "1000"]
[BlackElo "1225"]

1. c4 c5 2. Nc3 Nf6 3. g3 Nc6 4. Bg2 d6 5. e3 e6 6. Nge2 Be7 7. O-O O-O 8. b3 d5
9. cxd5 exd5 10. d4 Be6 11. Bb2 Qc8 12. Rc1 Qd7 13. Nf4 Rac8 14. Nxe6 fxe6 15.
Re1 Rce8 16. Qd2 cxd4 17. exd4 Bb4 18. Qc2 Qf7 19. Qd3 Qh5 20. h3 Bxc3 21. Bxc3
e5 22. dxe5 Nxe5 23. Bxe5 Rxe5 24. Rxe5 Qxe5 25. Rd1 Rd8 26. a4 b6 27. b4 Qd6
28. b5 Qb4 29. Ra1 Qb2 30. Rb1 Qa2 31. Rb4 d4 32. Rxd4 Qa1+ 0-1